| 000 | 00375nam a2200133Ia 4500 | ||
|---|---|---|---|
| 008 | 190216s9999||||xx |||||||||||||| ||und|| | ||
| 100 | _aKunhikkannan And Cp Janardhanan Pillay | ||
| 245 | 0 | _aMechanic &statistics Abc Series In Mathematics For 3rd Year Bsc Mathematics | |
| 250 | _a1st Ed. | ||
| 260 |
_bNull _c1983 |
||
| 300 | _a184 | ||
| 650 | _aMathematics | ||
| 942 | _cBK | ||
| 999 |
_c31279 _d31279 |
||